Statystyki dla Popularne Gry Online

Kliknij tutaj aby rozwiązać quiz!

Ogólne statystyki

  • Ten quiz został rozwiązany 55 razy
  • Średni wynik to 3 z 8

Statystyki odpowiedzi

HintOdpowiedź% Poprawnych
7.Fortnite
78%
5.Counter Strike
57%
3.League of legends
57%
6.Roblox
57%
1.Metin 2
15%
2.Tibia
11%
8.Rocket League
9%
4.Word of tanks
0%

Rozkład punktacji

Percentyl według liczby udzielonych odpowiedzi

Procent ludzi z każdym wynikiem

Twoja historia wyników

Nie rozwiązałeś tego quizu